[Event "Shenzhen Longgang 5th"]
[Site "Shenzhen"]
[Date "2024.03.07"]
[Round "7"]
[White "Artemiev, Vladislav"]
[Black "Bu, Xiangzhi"]
[Result "1/2-1/2"]
[WhiteElo "2711"]
[BlackElo "2671"]
[PlyCount "60"]
[EventDate "2024.02.29"]
[EventType "tourn"]
[EventRounds "7"]
[EventCountry "CHN"]
[EventCategory "18"]
[SourceTitle "CB11_2024"]
[SourceDate "2024.03.13"]
[SourceVersion "1"]
[SourceVersionDate "2024.03.13"]
[SourceQuality "1"]

1. c4 c6 2. Nf3 d5 3. e3 Nf6 4. Nc3 g6 5. d4 Bg7 6. Be2 0-0 7. 0-0 b6 8. a4 Bb7 9. cxd5 cxd5 10. Qb3 a6 11. Ne5 Nc6 12. Nxc6 Bxc6 13. Bd2 Qd7 14. Rfc1 Rfb8 15. Be1 e6 16. f3 Ne8 17. Bg3 Nd6 18. Nd1 h5 19. Rc3 Bf8 20. Nf2 b5 21. Qc2 Rc8 22. Bxd6 Bxd6 23. Rc1 Bb7 24. axb5 axb5 25. Nd3 b4 26. Rxc8+ Rxc8 27. Qd2 Rxc1+ 28. Qxc1 Ba6 29. Nc5 Bxc5 30. Bxa6 Bd6 1/2-1/2

[Event "Shenzhen Longgang 5th"]
[Site "Shenzhen"]
[Date "2024.03.04"]
[Round "4"]
[White "Bu, Xiangzhi"]
[Black "Giri, Anish"]
[Result "1-0"]
[WhiteElo "2671"]
[BlackElo "2762"]
[PlyCount "145"]
[EventDate "2024.02.29"]
[EventType "tourn"]
[EventRounds "7"]
[EventCountry "CHN"]
[EventCategory "18"]
[SourceTitle "CB11_2024"]
[SourceDate "2024.03.13"]
[SourceVersion "1"]
[SourceVersionDate "2024.03.13"]
[SourceQuality "1"]

1. Nf3 d5 2. d4 Nf6 3. c4 e6 4. Nc3 dxc4 5. e4 b5 6. Nxb5 Nxe4 7. Qa4 Nc6 8. Nc3 Nxc3 9. bxc3 Bd7 10. Qxc4 Rb8 11. Be2 Bd6 12. 0-0 Ne7 13. a4 Ng6 14. Be3 0-0 15. Ne5 a5 16. Nxd7 Qxd7 17. Bf3 Rb6 18. g3 Rfb8 19. Be4 c6 20. Qd3 Kh8 21. Rab1 Rxb1 22. Rxb1 Rxb1+ 23. Qxb1 Qc7 24. Bd2 Ne7 25. c4 Qa7 26. Bc3 h6 27. Qb2 Kg8 28. Bd3 g6 29. Qd2 c5 30. d5 exd5 31. cxd5 Nxd5 32. Bb2 Qe7 33. Qxa5 Nb4 34. Qa8+ Qf8 35. Qf3 Nxd3 36. Qxd3 Qb8 37. Qc3 Kf8 38. a5 Qb4 39. Qh8+ Ke7 40. Qf6+ Kd7 41. Qxf7+ Be7 42. Qd5+ Bd6 43. Bg7 Qxa5 44. Qf7+ Be7 45. Qxg6 Qe1+ 46. Kg2 c4 47. Bxh6 Bc5 48. Qf7+ Kc6 49. Qxc4 Qxf2+ 50. Kh3 Qf5+ 51. Qg4 Qd5 52. Bf4 Kb7 53. Qe2 Qf5+ 54. Kg2 Kb6 55. h4 Qd5+ 56. Qf3 Qa2+ 57. Kh3 Qe6+ 58. g4 Qe1 59. Bg3 Qe6 60. h5 Be7 61. Bf4 Bc5 62. h6 Qf7 63. Qe4 Qb3+ 64. Bg3 Qc3 65. Qe6+ Kb5 66. h7 Bd4 67. Qe8+ Kb6 68. Qb8+ Ka6 69. Qa8+ Kb6 70. Qe4 Bh8 71. g5 Qc8+ 72. Kh4 Qd7 73. Qb4+ 1-0

[Event "Danzhou 14th"]
[Site "Danzhou"]
[Date "2023.11.19"]
[Round "6"]
[White "Bu, Xiangzhi"]
[Black "Jumabayev, Rinat"]
[Result "0-1"]
[WhiteElo "2677"]
[BlackElo "2588"]
[PlyCount "170"]
[EventDate "2023.11.16"]
[EventType "tourn (rapid)"]
[EventRounds "7"]
[EventCountry "CHN"]
[EventCategory "15"]
[SourceTitle "CB47_2023"]
[SourceDate "2023.11.22"]
[SourceVersion "1"]
[SourceVersionDate "2023.11.22"]
[SourceQuality "1"]

1. Nf3 c5 2. c4 Nf6 3. Nc3 Nc6 4. d4 cxd4 5. Nxd4 e6 6. Bf4 Nh5 7. Nxc6 dxc6 8. Qxd8+ Kxd8 9. 0-0-0+ Bd7 10. Be5 f6 11. g4 fxe5 12. gxh5 Kc7 13. Rg1 Rg8 14. Ne4 Be7 15. Bh3 g5 16. Rd3 Rad8 17. e3 c5 18. Rxd7+ Kxd7 19. Rd1+ Kc7 20. Bxe6 Rxd1+ 21. Kxd1 Rf8 22. Ke2 a6 23. Nc3 h6 24. Bg4 Rb8 25. Kd2 Rf8 26. f3 Rd8+ 27. Kc2 Rb8 28. h3 b5 29. Bf5 Rf8 30. Be4 b4 31. Nd1 Bf6 32. Nf2 Bg7 33. Nd3 Kb6 34. b3 a5 35. Kd2 Rf7 36. Ke2 a4 37. bxa4 Ra7 38. Nb2 Rd7 39. Nd1 Ra7 40. Bc2 e4 41. fxe4 Kc6 42. Nf2 Kd6 43. Ng4 Ke6 44. e5 Rd7 45. Be4 Bxe5 46. Nxh6 Ra7 47. Bc2 Bc3 48. Kf3 Kf6 49. Ng4+ Ke6 50. h6 Rf7+ 51. Ke4 Kd6 52. a5 Ke6 53. Bb3 Ra7 54. Nf2 Rxa5 55. Nd3 Kf6 56. Kd5 Kg6 57. e4 Kxh6 58. e5 Kg6 59. e6 Kf6 60. Nxc5 Ke7 61. Kc6 Bd4 62. Nb7 Ra6+ 63. Kd5 Bf2 64. c5 Rxe6 65. Nd6 Rf6 66. Bc2 Rf3 67. Ne4 Be3 68. c6 Bf4 69. c7 Kd7 70. Nc5+ Kxc7 71. Bf5 Kb6 72. Nd3 Bd2 73. Ke4 Re3+ 74. Kd4 Re7 75. Kc4 Rc7+ 76. Kb3 Rc3+ 77. Kb2 Ka5 78. Kb1 Be3 79. Be4 Bd4 80. Bf5 Kb5 81. Be4 Bf6 82. Bf5 Kc4 83. Ne1 Re3 84. Nc2 Rf3 85. Kc1 Kc3 0-1

[Event "Danzhou 14th"]
[Site "Danzhou"]
[Date "2023.11.16"]
[Round "2"]
[White "Bu, Xiangzhi"]
[Black "Cheparinov, Ivan"]
[Result "1-0"]
[WhiteElo "2677"]
[BlackElo "2649"]
[PlyCount "93"]
[EventDate "2023.11.16"]
[EventType "tourn (rapid)"]
[EventRounds "7"]
[EventCountry "CHN"]
[EventCategory "15"]
[SourceTitle "CB47_2023"]
[SourceDate "2023.11.22"]
[SourceVersion "1"]
[SourceVersionDate "2023.11.22"]
[SourceQuality "1"]

1. c4 e5 2. d3 Bb4+ 3. Nd2 c5 4. Ngf3 Nc6 5. g3 Nge7 6. Bg2 0-0 7. 0-0 Ba5 8. b3 d6 9. Bb2 f5 10. e3 Ng6 11. Ne1 Be6 12. d4 cxd4 13. exd4 d5 14. dxe5 Bxd2 15. Qxd2 dxc4 16. Qe2 cxb3 17. axb3 Bxb3 18. Nf3 Re8 19. Qe3 Qb6 20. Bd4 Nxd4 21. Nxd4 Bc4 22. Rfb1 Qc5 23. f4 Nxe5 24. fxe5 Rxe5 25. Qf2 Rd8 26. Nf3 Qxf2+ 27. Kxf2 Re2+ 28. Kg1 Ba6 29. Bf1 Re7 30. Bxa6 bxa6 31. Rxa6 g6 32. Rba1 Rdd7 33. Re1 Rxe1+ 34. Nxe1 Kg7 35. Nf3 Kh6 36. Kf2 Rb7 37. Ra4 Re7 38. h3 Rb7 39. Nd4 Re7 40. Ra6 Kh5 41. Ne6 Rb7 42. Ra4 g5 43. Nd4 Rb2+ 44. Kf3 g4+ 45. hxg4+ fxg4+ 46. Ke4 Rf2 47. Rxa7 1-0

[Event "Shenzhen Nanshan"]
[Site "Shenzhen"]
[Date "2023.10.13"]
[Round "3.3"]
[White "Bu, Xiangzhi"]
[Black "Wei, Yi"]
[Result "0-1"]
[WhiteElo "2690"]
[BlackElo "2726"]
[PlyCount "80"]
[EventDate "2023.10.11"]
[EventType "k.o. (rapid)"]
[EventRounds "3"]
[EventCountry "CHN"]
[SourceTitle "Mega2024 Update 01"]
[Source "Chessbase"]
[SourceDate "2023.11.12"]
[SourceVersion "1"]
[SourceVersionDate "2023.11.12"]
[SourceQuality "1"]

1. Nf3 d5 2. d4 Nf6 3. c4 e6 4. Nc3 c6 5. Qb3 Nbd7 6. Bg5 Be7 7. e3 0-0 8. Be2 h6 9. Bh4 b6 10. 0-0 Bb7 11. Rfd1 Rc8 12. Rac1 dxc4 13. Qxc4 b5 14. Qb3 a6 15. Ne5 Nxe5 16. Bxf6 Nd7 17. Bxe7 Qxe7 18. Bf3 Rfd8 19. h3 Nf6 20. Qc2 e5 21. dxe5 Qxe5 22. Ne4 Nxe4 23. Bxe4 Rxd1+ 24. Rxd1 Qe7 25. b4 Re8 26. Bf3 Qxb4 27. Bxc6 Rc8 28. Qf5 g6 29. Qd7 Rxc6 30. Qxb7 Re6 31. Qc7 Kg7 32. Qd8 Qb2 33. Rd2 Qa1+ 34. Kh2 Qe5+ 35. g3 Rc6 36. h4 Qe4 37. a3 Rc1 38. Qd4+ Qxd4 39. Rxd4 Rc3 40. a4 Rc4 0-1

[Event "Asian Games tt"]
[Site "Hangzhou"]
[Date "2023.10.07"]
[Round "9.14"]
[White "Ganerdene, Sugar"]
[Black "Bu, Xiangzhi"]
[Result "1/2-1/2"]
[WhiteElo "2418"]
[BlackElo "2690"]
[PlyCount "186"]
[EventDate "2023.09.29"]
[EventType "team-tourn"]
[EventRounds "9"]
[EventCountry "CHN"]
[SourceTitle "EXT 2024"]
[Source "ChessBase"]
[SourceDate "2023.10.10"]
[SourceVersion "1"]
[SourceVersionDate "2023.10.10"]
[SourceQuality "1"]
[WhiteTeam "Mongolia"]
[BlackTeam "China"]
[WhiteTeamCountry "MGL"]
[BlackTeamCountry "CHN"]

1. d4 d5 2. c4 c6 3. Nf3 Nf6 4. Qc2 g6 5. cxd5 cxd5 6. Bf4 Nc6 7. e3 Nh5 8. Be5 f6 9. Bg3 Bf5 10. Qb3 Na5 11. Qa4+ Bd7 12. Bb5 Nc4 13. Nbd2 Nxg3 14. hxg3 Nd6 15. Bxd7+ Qxd7 16. Qb3 e6 17. Rc1 Be7 18. 0-0 Kf7 19. Rc2 b5 20. Rfc1 Nc4 21. Qd3 Rhc8 22. Nb3 Rc6 23. e4 dxe4 24. Qxe4 Rac8 25. g4 Qd5 26. Qxd5 exd5 27. Ne1 Ra6 28. a3 Re6 29. Nd3 Bd6 30. Nbc5 Re7 31. b3 Nxa3 32. Ra2 b4 33. Nxb4 Nb5 34. Nxd5 Re4 35. Nc3 Rxc5 36. dxc5 Nxc3 37. Rac2 Ne2+ 38. Rxe2 Rxe2 39. cxd6 Ke6 40. Rc7 Kxd6 41. Rxh7 Re1+ 42. Kh2 Re7 43. Rxe7 Kxe7 44. Kg3 Kd6 45. Kf4 Kc5 46. g5 fxg5+ 47. Kxg5 Kb4 48. Kxg6 Kxb3 49. f4 a5 50. f5 a4 51. f6 a3 52. f7 a2 53. f8Q a1Q 54. g4 Qa6+ 55. Qf6 Qd3+ 56. Kg7 Ka4 57. Qf4+ Ka3 58. Qf8+ Ka4 59. Qe8+ Ka5 60. Qe5+ Kb4 61. g5 Qd7+ 62. Kh6 Qh3+ 63. Kg6 Ka3 64. Qf5 Qc3 65. Kh7 Qc7+ 66. Kg8 Ka4 67. Qe4+ Ka5 68. Qd5+ Ka4 69. Qd4+ Ka5 70. g6 Qc8+ 71. Kh7 Qf5 72. Kh6 Qh3+ 73. Kg5 Qg2+ 74. Kf6 Qc6+ 75. Kf5 Qf3+ 76. Qf4 Qd3+ 77. Kg5 Qd8+ 78. Kh5 Qd1+ 79. Kh6 Qh1+ 80. Kg7 Qb7+ 81. Kf6 Qc6+ 82. Kf7 Qd7+ 83. Kg8 Qe6+ 84. Kg7 Qd7+ 85. Qf7 Qd4+ 86. Qf6 Qd7+ 87. Kf8 Qc8+ 88. Ke7 Qb7+ 89. Ke8 Qb5+ 90. Kf7 Qb7+ 91. Qe7 Qf3+ 92. Kg8 Qb3+ 93. Qf7 Qb8+ 1/2-1/2

[Event "Asian Games tt"]
[Site "Hangzhou"]
[Date "2023.10.01"]
[Round "3.2"]
[White "Bu, Xiangzhi"]
[Black "Tabatabaei, Mohammad Amin"]
[Result "1/2-1/2"]
[WhiteElo "2690"]
[BlackElo "2685"]
[PlyCount "150"]
[EventDate "2023.09.29"]
[EventType "team-tourn"]
[EventRounds "9"]
[EventCountry "CHN"]
[SourceTitle "EXT 2024"]
[Source "ChessBase"]
[SourceDate "2023.10.10"]
[SourceVersion "1"]
[SourceVersionDate "2023.10.10"]
[SourceQuality "1"]
[WhiteTeam "China"]
[BlackTeam "Iran"]
[WhiteTeamCountry "CHN"]
[BlackTeamCountry "IRI"]

1. Nf3 d5 2. g3 Nf6 3. Bg2 e6 4. 0-0 Be7 5. d4 0-0 6. Nbd2 c5 7. dxc5 Bxc5 8. c4 Nc6 9. a3 a5 10. cxd5 exd5 11. Nb3 Bb6 12. Nbd4 a4 13. Bf4 Ne4 14. Nxc6 bxc6 15. Ne5 Bb7 16. Bxe4 dxe4 17. Rc1 e3 18. Bxe3 Bxe3 19. Qxd8 Bxf2+ 20. Kxf2 Rfxd8 21. Rfd1 f6 22. Nd7 Ba6 23. Rxc6 Bb5 24. Rcd6 Rxd7 25. Rxd7 Bxd7 26. Rxd7 Rb8 27. Rd4 Rxb2 28. Rxa4 Ra2 29. h4 h5 30. Ra8+ Kf7 31. Kf3 Kg6 32. a4 Ra3+ 33. Kf4 Ra2 34. Kf3 Ra3+ 35. Kf4 Ra2 36. e3 Rf2+ 37. Ke4 Rg2 38. Kf4 Rf2+ 39. Ke4 Rg2 40. Kf3 Ra2 41. a5 Ra4 42. e4 Ra3+ 43. Kf2 Kh7 44. a6 Kg6 45. a7 Kh7 46. Ke2 Ra2+ 47. Ke3 Ra3+ 48. Kf4 Ra4 49. Kf5 Ra5+ 50. Kf4 Ra4 51. g4 hxg4 52. Kg3 Kg6 53. Kf4 Kh7 54. h5 Ra1 55. Kxg4 Ra5 56. Kf4 Ra1 57. Ke3 Ra2 58. Kd3 Ra1 59. Kd4 Ra2 60. Kd5 Ra1 61. Ke6 Ra2 62. Kf7 Ra6 63. Ke7 Ra4 64. Kf8 Ra1 65. Ke7 Ra4 66. Kf7 Ra6 67. h6 gxh6 68. Rc8 Rxa7+ 69. Kxf6 Ra6+ 70. Kf7 Ra7+ 71. Kf6 Ra6+ 72. Kf5 Kg7 73. Rc7+ Kf8 74. e5 h5 75. e6 Ra1 1/2-1/2

[Event "Asian Games"]
[Site "Hangzhou"]
[Date "2023.09.27"]
[Round "8"]
[White "Sindarov, Javokhir"]
[Black "Bu, Xiangzhi"]
[Result "1-0"]
[WhiteElo "2658"]
[BlackElo "2690"]
[PlyCount "85"]
[EventDate "2023.09.24"]
[EventType "swiss (rapid)"]
[EventRounds "9"]
[EventCountry "CHN"]
[SourceTitle "EXT 2024"]
[Source "ChessBase"]
[SourceDate "2023.10.10"]
[SourceVersion "1"]
[SourceVersionDate "2023.10.10"]
[SourceQuality "1"]

1. e4 e5 2. Nf3 Nf6 3. Nxe5 d6 4. Nf3 Nxe4 5. d4 d5 6. Bd3 Be7 7. 0-0 Nc6 8. c4 Nb4 9. Be2 0-0 10. Nc3 Bf5 11. a3 Nxc3 12. bxc3 Nc6 13. Re1 Re8 14. Bf4 dxc4 15. Bxc4 Bd6 16. Qd2 Qd7 17. h4 Na5 18. Ba2 Be6 19. Bxd6 cxd6 20. Bxe6 Rxe6 21. Rxe6 Qxe6 22. Re1 Qf5 23. Re7 h6 24. Qe2 Rc8 25. a4 Kf8 26. Nd2 a6 27. g3 b5 28. Ra7 bxa4 29. Qxa6 Nb3 30. Ne4 Kg8 31. Nxd6 Qb1+ 32. Kg2 Rxc3 33. Ra8+ Kh7 34. Nxf7 Rxg3+ 35. fxg3 Qe4+ 36. Kh2 Qc2+ 37. Kg1 Qd1+ 38. Qf1 Qxd4+ 39. Qf2 Qe4 40. Rh8+ Kg6 41. Ng5 Qc4 42. Nh3 a3 43. h5+ 1-0

[Event "Asian Games"]
[Site "Hangzhou"]
[Date "2023.09.26"]
[Round "5"]
[White "Bu, Xiangzhi"]
[Black "Bersamina, Paulo"]
[Result "1-0"]
[WhiteElo "2690"]
[BlackElo "2434"]
[PlyCount "133"]
[EventDate "2023.09.24"]
[EventType "swiss (rapid)"]
[EventRounds "9"]
[EventCountry "CHN"]
[SourceTitle "EXT 2024"]
[Source "ChessBase"]
[SourceDate "2023.10.10"]
[SourceVersion "1"]
[SourceVersionDate "2023.10.10"]
[SourceQuality "1"]

1. d4 Nf6 2. c4 g6 3. h4 h5 4. Nc3 Bg7 5. e4 d6 6. f3 e5 7. Nge2 Nc6 8. Be3 exd4 9. Nxd4 Nxd4 10. Bxd4 0-0 11. Qd2 a6 12. Be2 Be6 13. Rd1 c6 14. Be3 Qa5 15. 0-0 Rfd8 16. b4 Qc7 17. Rc1 Qe7 18. Bg5 b5 19. cxb5 axb5 20. Kh1 Bc4 21. Bxc4 bxc4 22. b5 cxb5 23. Nd5 Qe6 24. Nc7 Qe5 25. Nxa8 Rxa8 26. Rfd1 Ne8 27. Rb1 c3 28. Qf2 Rc8 29. Rbc1 Qe6 30. Be3 Rc4 31. Bd4 b4 32. Bxg7 Kxg7 33. Qg3 Rc6 34. Rc2 Nc7 35. Rb1 Qc4 36. Rd1 Nb5 37. Qf2 Na3 38. Rcc1 c2 39. Rd4 Qc5 40. Rd2 Qxf2 41. Rxf2 Rb6 42. Rd2 b3 43. axb3 Rxb3 44. Kh2 Rb1 45. Rdxc2 Rb4 46. Rd2 Rb6 47. Rc7 Kf6 48. Ra2 Nb5 49. Rb2 Nxc7 50. Rxb6 Ke6 51. Kg3 Ne8 52. Kf4 Nf6 53. Kg5 Nd7 54. Rb7 Ne5 55. Rc7 Nd3 56. Rc3 Nc5 57. Ra3 Ke5 58. Ra7 Ke6 59. Kh6 Nd3 60. Kg7 Ne1 61. Rxf7 Nxg2 62. Rf6+ Ke5 63. Kxg6 Nxh4+ 64. Kxh5 Kxf6 65. Kxh4 Ke5 66. Kg5 Kd4 67. Kf5 1-0

[Event "Asian Games"]
[Site "Hangzhou"]
[Date "2023.09.24"]
[Round "1"]
[White "Bu, Xiangzhi"]
[Black "Laohawirapap, Prin"]
[Result "1/2-1/2"]
[WhiteElo "2690"]
[BlackElo "2329"]
[PlyCount "166"]
[EventDate "2023.09.24"]
[EventType "swiss (rapid)"]
[EventRounds "9"]
[EventCountry "CHN"]
[SourceTitle "EXT 2024"]
[Source "ChessBase"]
[SourceDate "2023.10.10"]
[SourceVersion "1"]
[SourceVersionDate "2023.10.10"]
[SourceQuality "1"]

1. Nf3 g6 2. c4 Bg7 3. d4 Nf6 4. g3 0-0 5. Bg2 d6 6. 0-0 Nbd7 7. Nc3 e5 8. e4 exd4 9. Nxd4 Re8 10. Re1 Nc5 11. h3 h6 12. Nb3 Ne6 13. Qc2 a5 14. Be3 a4 15. Nd2 Bd7 16. Rad1 Bc6 17. Nd5 Nd7 18. Nf3 b6 19. Nh2 Bxd5 20. exd5 Nec5 21. Nf3 Ne5 22. Nd4 Qc8 23. b4 axb3 24. axb3 Qa6 25. b4 Ncd7 26. Nb5 Qa2 27. Re2 Qxc2 28. Rxc2 Ra4 29. Rb1 Nd3 30. Nxc7 Rc8 31. Nb5 Nxb4 32. Re2 Bf8 33. Bf4 Nd3 34. Bxd6 Raxc4 35. Bxf8 Kxf8 36. d6 R8c5 37. Nc7 Rc1+ 38. Rxc1 Rxc1+ 39. Kh2 Nf6 40. Nd5 Nd7 41. Re7 N3c5 42. Ne3 Nf6 43. Rc7 Rc3 44. Nd5 Nxd5 45. Bxd5 Rd3 46. Rxf7+ Ke8 47. Re7+ Kd8 48. Bc4 Rxd6 49. Rh7 g5 50. Kg2 Ne4 51. Be2 Nc3 52. Bg4 b5 53. Rb7 Rf6 54. f3 Rd6 55. Kf2 Nd1+ 56. Ke2 Nc3+ 57. Ke3 b4 58. f4 gxf4+ 59. gxf4 Ke8 60. Bf3 Re6+ 61. Kf2 Ne4+ 62. Kg2 Rg6+ 63. Kh2 Re6 64. Rxb4 Nf6 65. Kg3 Kf7 66. f5 Ra6 67. Rb7+ Kf8 68. Kf4 Ra5 69. h4 Nd5+ 70. Bxd5 Rxd5 71. Rh7 Rd6 72. Ke5 Ra6 73. f6 Ra5+ 74. Ke6 Ra6+ 75. Kf5 Ra1 76. Rh8+ Kf7 77. Rh7+ Kf8 78. h5 Rg1 79. Rxh6 Rf1+ 80. Kg6 Rg1+ 81. Kh7 Rg5 82. Kh8 Rf5 83. Kh7 Kf7 1/2-1/2

[Event "Asian Games"]
[Site "Hangzhou"]
[Date "2023.09.24"]
[Round "2"]
[White "Kwon, Sehyun"]
[Black "Bu, Xiangzhi"]
[Result "0-1"]
[WhiteElo "2313"]
[BlackElo "2690"]
[PlyCount "92"]
[EventDate "2023.09.24"]
[EventType "swiss (rapid)"]
[EventRounds "9"]
[EventCountry "CHN"]
[SourceTitle "EXT 2024"]
[Source "ChessBase"]
[SourceDate "2023.10.10"]
[SourceVersion "1"]
[SourceVersionDate "2023.10.10"]
[SourceQuality "1"]

1. d4 Nf6 2. Nf3 e6 3. g3 b5 4. Bg2 Bb7 5. 0-0 c5 6. c3 Be7 7. Bg5 cxd4 8. cxd4 h6 9. Bxf6 Bxf6 10. Qd3 b4 11. Rc1 0-0 12. e4 d6 13. Nbd2 Nc6 14. Qb5 Qb6 15. Qxb6 axb6 16. Nb3 Ra7 17. a4 bxa3 18. Rxa3 Rxa3 19. bxa3 Ra8 20. e5 dxe5 21. Nxe5 Nxd4 22. Bxb7 Nxb3 23. Bxa8 Nxc1 24. Nc4 Bd4 25. Kf1 Kf8 26. Bc6 Ke7 27. a4 Nb3 28. Ke2 Bc5 29. Be4 f5 30. Bb7 Kd7 31. f3 Kc7 32. Ba6 Nd4+ 33. Kf2 Nb5+ 34. Kg2 Nc3 35. Bb5 Nxb5 36. axb5 Bd4 37. f4 Kd7 38. Kf3 e5 39. fxe5 Ke6 40. Ke2 Kd5 41. Kd3 Bc5 42. h3 h5 43. Nd2 Kxe5 44. Nf3+ Ke6 45. Nd2 Bf2 46. Nc4 Kd5 0-1

[Event "Biel HTO 56th"]
[Site "Biel"]
[Date "2023.07.23"]
[Round "6"]
[White "Aryan, Chopra"]
[Black "Bu, Xiangzhi"]
[Result "1/2-1/2"]
[WhiteElo "2626"]
[BlackElo "2676"]
[PlyCount "123"]
[EventDate "2023.07.17"]
[EventType "swiss"]
[EventRounds "10"]
[EventCountry "SUI"]
[SourceTitle "CBM 215 Extra"]
[Source "ChessBase"]
[SourceDate "2023.09.30"]
[SourceVersion "1"]
[SourceVersionDate "2023.09.30"]
[SourceQuality "1"]

1. c4 e6 2. Nc3 c5 3. Nf3 d5 4. cxd5 exd5 5. d4 Nc6 6. dxc5 d4 7. Na4 Bxc5 8. Nxc5 Qa5+ 9. Bd2 Qxc5 10. Rc1 Qb6 11. e3 Nf6 12. Bc4 dxe3 13. Bxe3 Qb4+ 14. Bd2 Qe7+ 15. Qe2 Qxe2+ 16. Kxe2 0-0 17. h3 Ne4 18. Rhd1 Nxd2 19. Rxd2 Re8+ 20. Kf1 Rd8 21. Rxd8+ Nxd8 22. Rd1 Ne6 23. Ng5 b6 24. b3 h6 25. Nxe6 fxe6 26. Rd6 Kf7 27. Rc6 Kf6 28. Rc7 a6 29. Bd3 Rb8 30. Be4 e5 31. b4 Be6 32. a3 a5 33. f3 axb4 34. axb4 Rd8 35. Rc6 b5 36. Ke1 Ke7 37. Rc5 Bc4 38. Rxe5+ Kf6 39. Rc5 Rd7 40. Bc6 Re7+ 41. Kd1 Bf1 42. f4 Re3 43. g4 Rb3 44. g5+ hxg5 45. fxg5+ Ke7 46. Bxb5 Bxh3 47. Rc4 Rg3 48. Rc7+ Kd6 49. Rxg7 Rb3 50. g6 Rxb4 51. Bd3 Be6 52. Ra7 Rd4 53. Ke2 Ke5 54. Ra5+ Rd5 55. Ra6 Rd6 56. Ra8 Kf6 57. Ke3 Kg7 58. Ra7+ Rd7 59. Ra6 Bg8 60. Bf5 Rb7 61. Kf4 Rc7 62. Kg5 1/2-1/2

[Event "Biel HTO 56th"]
[Site "Biel"]
[Date "2023.07.20"]
[Round "4"]
[White "Sukandar, Irine Kharisma"]
[Black "Bu, Xiangzhi"]
[Result "0-1"]
[WhiteElo "2358"]
[BlackElo "2676"]
[PlyCount "76"]
[EventDate "2023.07.17"]
[EventType "swiss"]
[EventRounds "10"]
[EventCountry "SUI"]
[SourceTitle "CBM 215 Extra"]
[Source "ChessBase"]
[SourceDate "2023.09.30"]
[SourceVersion "1"]
[SourceVersionDate "2023.09.30"]
[SourceQuality "1"]

1. e4 c5 2. Nf3 d6 3. Bb5+ Nd7 4. Ba4 Ngf6 5. d3 g6 6. 0-0 Bg7 7. c4 0-0 8. h3 b6 9. Bc6 Rb8 10. Nc3 Ne5 11. Nxe5 dxe5 12. Be3 Nh5 13. Rb1 Nf4 14. b4 cxb4 15. Rxb4 Qd6 16. Qa4 Qf6 17. Kh2 Qg5 18. Rg1 Qh4 19. Bd7 b5 20. Bxc8 bxa4 21. Rxb8 Nxd3 22. f3 Qf6 23. c5 Nxc5 24. Bxc5 Qc6 25. Bxe7 Rxc8 26. Rxc8+ Qxc8 27. Nd5 f5 28. Ba3 Bf8 29. Rc1 Qa6 30. Bxf8 Kxf8 31. Rc7 h5 32. Rd7 fxe4 33. fxe4 Qe2 34. Rxa7 Qxe4 35. Ra5 Qd4 36. Kh1 e4 37. Nf4 Qd1+ 38. Kh2 Qd6 0-1

[Event "Biel HTO 56th"]
[Site "Biel"]
[Date "2023.07.18"]
[Round "2"]
[White "Rohit, Krishna S"]
[Black "Bu, Xiangzhi"]
[Result "0-1"]
[WhiteElo "2429"]
[BlackElo "2676"]
[PlyCount "84"]
[EventDate "2023.07.17"]
[EventType "swiss"]
[EventRounds "10"]
[EventCountry "SUI"]
[SourceTitle "CBM 215 Extra"]
[Source "ChessBase"]
[SourceDate "2023.09.30"]
[SourceVersion "1"]
[SourceVersionDate "2023.09.30"]
[SourceQuality "1"]

1. Nf3 Nf6 2. g3 c5 3. Bg2 Nc6 4. 0-0 g6 5. c4 Bg7 6. Nc3 0-0 7. d3 d5 8. cxd5 Nxd5 9. Bd2 e6 10. Rc1 Nde7 11. a3 b6 12. Qa4 Bd7 13. Qc2 e5 14. Qb1 a5 15. b3 h6 16. Rfd1 Rc8 17. e3 Bf5 18. Be1 Qd7 19. Na4 Rb8 20. Nb2 Rfd8 21. Bc3 Bg4 22. Nc4 Qe6 23. e4 h5 24. Re1 Bxf3 25. Bxf3 Bh6 26. Rcd1 Nd4 27. Bg2 Nec6 28. h4 Rd7 29. Bd2 b5 30. Nxa5 Bxd2 31. Nxc6 Bxe1 32. Nxb8 Bxf2+ 33. Kxf2 Rd8 34. Rc1 Qb6 35. Na6 Nxb3 36. Rd1 c4+ 37. Kf1 Qxa6 38. Kg1 Qxa3 39. dxc4 Rxd1+ 40. Qxd1 bxc4 41. Kh2 c3 42. g4 Nd4 0-1

[Event "Benasque op 42nd"]
[Site "Benasque"]
[Date "2023.07.14"]
[Round "10"]
[White "Bu, Xiangzhi"]
[Black "Sadhwani, Raunak"]
[Result "1-0"]
[WhiteElo "2676"]
[BlackElo "2608"]
[PlyCount "53"]
[EventDate "2023.07.05"]
[EventType "swiss"]
[EventRounds "9"]
[EventCountry "ESP"]
[SourceTitle "EXT 2024"]
[Source "ChessBase"]
[SourceDate "2023.10.10"]
[SourceVersion "1"]
[SourceVersionDate "2023.10.10"]
[SourceQuality "1"]

1. d4 Nf6 2. c4 e6 3. Nc3 Bb4 4. Qc2 d5 5. a3 Bxc3+ 6. Qxc3 0-0 7. Nf3 dxc4 8. Qxc4 b6 9. Bg5 Ba6 10. Qa4 c5 11. Rd1 cxd4 12. Nxd4 Qc7 13. Bxf6 gxf6 14. h4 Rc8 15. Rh3 Qe7 16. h5 Kh8 17. h6 Rg8 18. Rc3 Bb7 19. Qb4 Qe8 20. Nb5 Na6 21. Qf4 Rg6 22. e3 Qe7 23. Qd6 Qe8 24. Qd7 Qxd7 25. Rxd7 Bxg2 26. Bxg2 Rxg2 27. b4 1-0

[Event "Benasque op 42nd"]
[Site "Benasque"]
[Date "2023.07.13"]
[Round "9"]
[White "Prraneeth, Vuppala"]
[Black "Bu, Xiangzhi"]
[Result "1/2-1/2"]
[WhiteElo "2486"]
[BlackElo "2676"]
[PlyCount "68"]
[EventDate "2023.07.05"]
[EventType "swiss"]
[EventRounds "9"]
[EventCountry "ESP"]
[SourceTitle "EXT 2024"]
[Source "ChessBase"]
[SourceDate "2023.10.10"]
[SourceVersion "1"]
[SourceVersionDate "2023.10.10"]
[SourceQuality "1"]

1. e4 e5 2. Nf3 Nc6 3. Bb5 a6 4. Ba4 Nf6 5. 0-0 b5 6. Bb3 Bc5 7. c3 d6 8. a4 Bb7 9. d4 Bb6 10. Be3 exd4 11. cxd4 Na5 12. Nbd2 Nxb3 13. Qxb3 0-0 14. d5 c6 15. axb5 axb5 16. Rxa8 Bxa8 17. dxc6 Bxc6 18. Nd4 Bd7 19. Nxb5 Bxe3 20. fxe3 Qa5 21. Nc3 Be6 22. Qb5 Qxb5 23. Nxb5 Rb8 24. Nxd6 Rxb2 25. Nf3 Re2 26. Re1 Rxe1+ 27. Nxe1 Kf8 28. h3 g6 29. e5 Nd7 30. Nf3 Ke7 31. Nc8+ Kd8 32. Nd6 Ke7 33. Nc8+ Kd8 34. Nd6 Ke7 1/2-1/2

[Event "Benasque op 42nd"]
[Site "Benasque"]
[Date "2023.07.06"]
[Round "2"]
[White "Bu, Xiangzhi"]
[Black "Ereza Vizcarra, Fernando"]
[Result "1-0"]
[WhiteElo "2676"]
[BlackElo "2118"]
[PlyCount "49"]
[EventDate "2023.07.05"]
[EventType "swiss"]
[EventRounds "9"]
[EventCountry "ESP"]
[SourceTitle "EXT 2024"]
[Source "ChessBase"]
[SourceDate "2023.10.10"]
[SourceVersion "1"]
[SourceVersionDate "2023.10.10"]
[SourceQuality "1"]

1. Nf3 d5 2. e3 Nf6 3. c4 e6 4. b3 c6 5. Bb2 Bd6 6. Nc3 Nbd7 7. Qc2 b6 8. cxd5 exd5 9. Ne2 c5 10. Ng3 g6 11. Bb5 0-0 12. Bc6 Rb8 13. Qc3 d4 14. exd4 Re8+ 15. Kd1 cxd4 16. Qxd4 Bc5 17. Qc3 Re6 18. Bxd7 Bxd7 19. Re1 Rc6 20. Ne4 Be7 21. Qd4 Bg4 22. Rc1 Rxc1+ 23. Kxc1 Rc8+ 24. Kb1 Bxf3 25. Nxf6+ 1-0

[Event "Benasque op 42nd"]
[Site "Benasque"]
[Date "2023.07.05"]
[Round "1"]
[White "Izquierdo Carbellido, Pablo"]
[Black "Bu, Xiangzhi"]
[Result "0-1"]
[WhiteElo "1880"]
[BlackElo "2676"]
[PlyCount "72"]
[EventDate "2023.07.05"]
[EventType "swiss"]
[EventRounds "9"]
[EventCountry "ESP"]
[SourceTitle "EXT 2024"]
[Source "ChessBase"]
[SourceDate "2023.10.10"]
[SourceVersion "1"]
[SourceVersionDate "2023.10.10"]
[SourceQuality "1"]

1. d4 Nf6 2. Nf3 e6 3. Bf4 b6 4. e3 Bb7 5. Bd3 g6 6. Nbd2 Bg7 7. c3 0-0 8. Qe2 d6 9. 0-0 a5 10. e4 Nbd7 11. h3 Nh5 12. Bh2 e5 13. dxe5 dxe5 14. Bc2 Qe7 15. Rfe1 Rfe8 16. Nf1 Nc5 17. N3d2 Rad8 18. Nb3 Ba6 19. Qf3 Ne6 20. Rad1 Nhf4 21. Bxf4 Nxf4 22. Nc1 h5 23. Nd3 Ne6 24. Bb3 Rd6 25. Bxe6 Qxe6 26. Nc1 Red8 27. Ne3 Bb7 28. Nd5 Bxd5 29. exd5 Rxd5 30. Rxd5 Qxd5 31. Qe3 Qd2 32. Qxd2 Rxd2 33. b3 e4 34. c4 Bd4 35. Ne2 Bc5 36. a4 Rb2 0-1